书目信息 |
| 题名: |
井冈山斗争大事介绍
|
|
| 作者: | ;井冈山革命博物馆 编 | |
| 分册: | ||
| 出版信息: | 北京 解放军出版社 1985 |
|
| 页数: | 202页 | |
| 开本: | 19cm | |
| 丛书名: | ||
| 单 册: | ||
| 中图分类: | K263.4 | |
| 科图分类: | ||
| 主题词: | 井冈山斗争 | |
| 电子资源: | ||
| ISBN: | ||
| 000 | 00653nam0 2200229 45 | |
| 001 | 0185015577 | |
| 005 | 20040518173536.8 | |
| 010 | @dCNY1.20 | |
| 100 | @a19951103d1985 em y0chiy0121 ea | |
| 101 | 0 | @achi |
| 102 | @aCN@b110000 | |
| 105 | @ay z 000yy | |
| 106 | @ar | |
| 200 | 10 | @a井冈山斗争大事介绍@Ajing gang shan dou zheng da shi jie shao@f井冈山革命博物馆编 |
| 210 | @a北京@c解放军出版社@d1985 | |
| 215 | @a202页@d19cm | |
| 606 | @a井冈山斗争 | |
| 690 | @aK263.4@v3 | |
| 711 | 02 | @a井冈山革命博物馆@4编@Ajing gang shan ge ming bo wu guan |
| 801 | 0 | @aCN@b深圳图书馆@c20040518 |
| 801 | 2 | @aCN@bNLC@c20040518 |
| 905 | @f1@b140923@dK263.4@e8 | |
| 井冈山斗争大事介绍/井冈山革命博物馆编.-北京:解放军出版社,1985 |
| 202页;19cm |
| ISBN :CNY1.20 |
| ● |
| 相关链接 |
|
|
|
|
正题名:井冈山斗争大事介绍
索取号:K263.4/8
 
预约/预借
| 序号 | 登录号 | 条形码 | 馆藏地/架位号 | 状态 | 备注 |
| 1 | 0140923 | 000352674 | 第二借阅区/ [索取号:K263.4/8] | 在馆 | |
| 2 | 0140925 | 000352656 | 第二样本阅览室/ [索取号:K263.4/8] | 在馆 |